| 000 | 00903nam a2200229Ia 4500 | ||
|---|---|---|---|
| 001 | L503-2452 | ||
| 003 | IT-CnALBA | ||
| 008 | 170116s9999||||xx |||||||||||||| ||und|| | ||
| 040 |
_aIT-CnALBA _cIT-CnALBA |
||
| 041 | _aITALIANO | ||
| 100 | _aAA. VV. | ||
| 245 | 0 | _aENCICLOPEDIA ITALIANA DELLE SCIENZE. FASCICOLO 256. | |
| 250 | _a1a ed. | ||
| 260 |
_a NOVARA _bDE AGOSTINI ISTITUTO GEOGR. _c1973 [1° Ed.:1973 - Ed.Ling.Originale: 1973] |
||
| 300 | _a32 p. | ||
| 500 | _aFASCICOLO 256. LE INFESTANTI DEI CEREALI. DISERBO CHIMICO. LE SCIENZE FORESTALI. ECOLOGIA FORESTALE. | ||
| 501 | _aSocietà San Paolo EM - Piazza San Paolo, 14 - 12051 ALBA (CN) (non commercial uses only) ® Copyright 2017 | ||
| 520 | _aFASCICOLO 256. LE INFESTANTI DEI CEREALI. DISERBO CHIMICO. LE SCIENZE FORESTALI. ECOLOGIA FORESTALE. | ||
| 650 | _aDIZIONARI DI SCIENZE PURE | ||
| 942 | _cBK | ||
| 957 | _71 | ||
| 999 |
_a3434 _bNO _g Copie: 1 _c261642 _d261642 |
||